Ceramic materials for electronics
Bewaard in:
| Formaat: | Boek |
|---|---|
| Taal: | Undetermined |
| Gepubliceerd in: |
New York, NY.
Marcel Dekker
2004
|
| Onderwerpen: | |
| Tags: |
Voeg label toe
Geen labels, Wees de eerste die dit record labelt!
|
| Thư viện lưu trữ: | Trung tâm Học liệu Trường Đại học Cần Thơ |
|---|
| LEADER | 00503nam a2200181Ia 4500 | ||
|---|---|---|---|
| 001 | CTU_117751 | ||
| 008 | 210402s9999 xx 000 0 und d | ||
| 020 | |c 203.44 | ||
| 082 | |a 621.381 | ||
| 082 | |b C411 | ||
| 245 | 0 | |a Ceramic materials for electronics | |
| 245 | 0 | |c edited by Relva C. Buchanan | |
| 260 | |a New York, NY. | ||
| 260 | |b Marcel Dekker | ||
| 260 | |c 2004 | ||
| 650 | |a Electronic ceramics,Ceramic materials | ||
| 904 | |i Minh | ||
| 980 | |a Trung tâm Học liệu Trường Đại học Cần Thơ | ||